00557nam a2200157Ia 4500003000400000008004100004040001600045082001700061100002200078245005900100260006800159300001100227490006900238650004900307650004300356GCL140319s9999 xx 000 0 ara d aGCL / cGCL04a216.2bح س1 aحسن البنا10aالسلام فى الاسلام / cحسن البنا a[S.N] : bدار التوزيع والنشر الاسلامية a190 ص aمن رسائل الامام الشهيد حسن البناv004aالاسلام والاصلاح الدينى04aالاسلام - مبادىء عامة